| 000 | 01572aaa a2200361 a 4500 | ||
|---|---|---|---|
| 999 |
_c323582 _d323582 |
||
| 003 | BLK | ||
| 005 | 20250704174552.0 | ||
| 008 | 180802b bul||||| |||| 00| 0 bul d | ||
| 020 |
_a9786191993376 _q3800083823391 |
||
| 040 | _aBLK | ||
| 041 |
_aBUL _cBUL |
||
| 072 |
_9178281 _aН85 _xДетска художествена литература Н |
||
| 080 |
_aАнглийска литература _b821.111 _z821.111-93-31 |
||
| 100 |
_aЧапмън, Линда _9391518 _eпърви автор |
||
| 139 |
_aЧапмън, Линда _bЧ 28 |
||
| 245 |
_aПекарна Захар и канела : Нови приятели : Кн. 1 _cЛинда Чапман ; прев. Екатерина Митренцева ; ил. Кейт Хиндли |
||
| 260 |
_bФют _c2018 _aСофия _fМултипринт ЕООД |
||
| 300 |
_a171 с. _c20 см _bс ил. |
||
| 380 | _aDX | ||
| 490 |
_9389524 _aПекарна "Захар и канела" _v№ 1 |
||
| 500 | _aОриг. загл.: Best friends' bakery: sugar & spice / Linda Chapman Кн. 1 от поредицата Пекарна "Захар & канела" | ||
| 659 | 7 |
_9178160 _aН _xНови книги |
|
| 700 |
_aМитренцева, Екатерина Христева _9270859 |
||
| 700 |
_9599 _aХиндли, Кейт _eил. |
||
| 852 |
_cДХ 820/899/Ч 28 _aЦб 292315 |
||
| 856 |
_i0.00 _ldisable |
||
| 942 |
_cKNG _2udc _n0 _047 _s1 |
||
| 944 |
_aED _c2018-12-11 _k30537 _lГрета Цуфелде |
||
| 999 | _d323582 | ||
| 999 | _d323582 | ||
| 999 | _d323582 | ||
| 999 | _d323582 | ||